| 000 | 00632nam a2200217 a 4500 | ||
|---|---|---|---|
| 001 | 19688 | ||
| 003 | CO-ViMGA | ||
| 008 | 141112s2004 ck r 000 u spa d | ||
| 020 | _a8434864282 | ||
| 040 |
_aCO-ViMGA _bspa _cCO-ViMGA |
||
| 082 | 0 | 4 | _a292 M221t |
| 100 | 1 |
_aMcGauchrean, Geraldine; Ross, Tony _928491 |
|
| 245 | 1 | 0 |
_aTeseo y el minotauro : _bOrfeo y Euridice, Apolo y Dafne |
| 260 |
_aMadrid : _bS.M. Editores, _c2001 |
||
| 300 | _a47 p. | ||
| 490 | _aMitos | ||
| 590 | _aForma de adquisición : Premio Mincultura | ||
| 650 | 1 | 4 |
_aMITOLOGIA - LITERATURA _928492 |
| 650 | 1 | 4 |
_aMITOLOGIA GRIEGA _921361 |
| 942 |
_2ddc _cBK |
||
| 999 |
_c28823 _d28823 |
||